000 00580nam a2200205 a 4500
005 20221026063458.0
008 020226s2001 mx r 000 0 spa d
020 _a9701802276
035 _aUPN01000116493
049 _aF
050 4 _aHV4998
_bA3.4
245 0 0 _aAdicciones /
_ccoord. Sara Elena Mendoza Ortega.
260 _aMéxico :
_bSEP :
_bINEA,
_c2001.
300 _a32 p. :
_bil.
440 0 _aEducación para la vida ;
_v14
650 4 _aAbuso de sustancias
_911947
650 2 _aPrevención
_922662
700 1 _aMendoza Ortega, Sara Elena,
_ecoord.
905 _aLibro
999 _c89230
_d89230